Economics in our time : concepts and issues (Record no. 53)
[ view plain ]
| 000 -LEADER | |
|---|---|
| fixed length control field | 01030nam a22001937a 4500 |
| 008 - FIXED-LENGTH DATA ELEMENTS--GENERAL INFORMATION | |
| fixed length control field | 110901t xxu||||| |||| 00| 0 eng d |
| 020 ## - INTERNATIONAL STANDARD BOOK NUMBER | |
| International Standard Book Number | 0574182225 |
| 050 ## - LIBRARY OF CONGRESS CALL NUMBER | |
| Classification number | HB171.5 .L43 |
| 100 ## - MAIN ENTRY--PERSONAL NAME | |
| Personal name | Lee, Dwight R. |
| Fuller form of name | Dwight R.Lee |
| 245 ## - TITLE STATEMENT | |
| Title | Economics in our time : concepts and issues |
| Statement of responsibility, etc. | Dwight R.Lee |
| 260 ## - PUBLICATION, DISTRIBUTION, ETC. | |
| Place of publication, distribution, etc. | Chicago |
| Name of publisher, distributor, etc. | Science Research Associates |
| Date of publication, distribution, etc. | c1975 |
| 300 ## - PHYSICAL DESCRIPTION | |
| Extent | 213 p. |
| Dimensions | 23 cm |
| 505 ## - FORMATTED CONTENTS NOTE | |
| Formatted contents note | Contents: The Abundance of scarcity -- Order from chaos -- Repealing the law of supply and demand -- What goes up may not come down -- Social choice: The Tail wags the dog -- Protecting the consumer against low prices and lifesaving drugs -- Let the protected beware -- A Solution to pollution -- Conserving our resources -- Markets and mythology -- Discrimination -- Human capital and the wealth of nations -- Insufficient income: The Root of all poverty -- A Look Backward |
| 650 ## - SUBJECT ADDED ENTRY--TOPICAL TERM | |
| Topical term or geographic name entry element | Wealth |
| General subdivision | Sociology |
| 650 ## - SUBJECT ADDED ENTRY--TOPICAL TERM | |
| Topical term or geographic name entry element | Economy |
| General subdivision | Poverty |
| 650 ## - SUBJECT ADDED ENTRY--TOPICAL TERM | |
| Topical term or geographic name entry element | Economic history 1945-1971 |
| 700 ## - ADDED ENTRY--PERSONAL NAME | |
| Personal name | MCNOWN, Robert F. |
| 942 ## - ADDED ENTRY ELEMENTS (KOHA) | |
| Source of classification or shelving scheme | Library of Congress Classification |
| Koha item type | Books |
| Withdrawn status | Lost status | Source of classification or shelving scheme | Damaged status | Not for loan | Home library | Current library | Shelving location | Date acquired | Total Checkouts | Full call number | Barcode | Date last seen | Copy number | Price effective from | Koha item type |
|---|---|---|---|---|---|---|---|---|---|---|---|---|---|---|---|
| Library of Congress Classification | WISCONSIN INTERNATIONAL UNIVERSITY COLLEGE, GHANA - MAIN LIBRARY | WISCONSIN INTERNATIONAL UNIVERSITY COLLEGE, GHANA - MAIN LIBRARY | General Stacks | 01/09/2011 | HB171.5 .L43 | 070/11 | 01/09/2011 | 1 | 01/09/2011 | Books |
